| 000 | 00535cam a2200145 4500500 | ||
|---|---|---|---|
| 005 | 20251012005046.0 | ||
| 041 | _afre | ||
| 042 | _adc | ||
| 100 | 1 | 0 |
_aLoizillon, Victor _eauthor |
| 245 | 0 | 0 | _aMircea Cărtărescu, Teodoros, Traducido del rumano por Laure Hinckel. Noir sur Blanc, 2024, 608 páginas, 27 €. |
| 260 | _c2025. | ||
| 500 | _a82 | ||
| 786 | 0 | _nÉtudes | Avril | 4 | 2025-03-24 | p. 125a-126 | |
| 856 | 4 | 1 | _uhttps://shs.cairn.info/revista-etudes-2025-4-page-113-etudes-2025-4-page-125a?lang=es&redirect-ssocas=7080 |
| 999 |
_c1516472 _d1516472 |
||